BIBLIOTECA

SENCICO

Métodos de ruta critica para construcción de edificios (Registro nro. 1788)

Detalles MARC
000 -LEADER
fixed length control field 00727nam a2200217Ia 4500
005 - DATE AND TIME OF LATEST TRANSACTION
control field 20251020182522.0
008 - FIXED-LENGTH DATA ELEMENTS--GENERAL INFORMATION
fixed length control field 200515s9999 xx 000 0 und d
082 ## - DEWEY DECIMAL CLASSIFICATION NUMBER
Classification number 69:657.471/478/B38
100 ## - MAIN ENTRY--PERSONAL NAME
Personal name BENSON, Ben
245 #0 - TITLE STATEMENT
Title Métodos de ruta critica para construcción de edificios
260 ## - PUBLICATION, DISTRIBUTION, ETC.
Place of publication, distribution, etc. México, D.F.
260 ## - PUBLICATION, DISTRIBUTION, ETC.
Date of publication, distribution, etc. 1970
500 ## - GENERAL NOTE
General note 1 ejemplar
520 ## - SUMMARY, ETC.
Summary, etc. Introducción a las complicaciones de planeación de construcciones que hace hincapié en el uso del Método de Ruta Crítica para convertir los trabajos atrasados en proyectos bien planeados que aporten utilidades
650 ## - SUBJECT ADDED ENTRY--TOPICAL TERM
Topical term or geographic name entry element CONSTRUCCION
650 ## - SUBJECT ADDED ENTRY--TOPICAL TERM
Topical term or geographic name entry element CPM
650 ## - SUBJECT ADDED ENTRY--TOPICAL TERM
Topical term or geographic name entry element LIB
650 ## - SUBJECT ADDED ENTRY--TOPICAL TERM
Topical term or geographic name entry element PLANEAMIENTO
650 ## - SUBJECT ADDED ENTRY--TOPICAL TERM
Topical term or geographic name entry element RUTA CRITICA
942 ## - ADDED ENTRY ELEMENTS (KOHA)
Koha item type Libros
Existencias
Fecha de la última vez que lo usaron Pago total Signatura topográfica completa Código de barras Precio efectivo desde Tipo de documento Estado perdido Estado dañado No es para préstamo Retirado Ubicación permanente Ubicación actual Fecha de adquisición
15/05/2020   69:657.471/478/B38 Bib-Lima15051788 15/05/2020 Libros         Biblioteca Central Lima Biblioteca Central Lima 15/05/2020